Discurso pronunciado en la apertura del Liceo Artístico y Literario de Córdoba el dia 6 de abril de 1862 / (Record no. 158854)

MARC details
000 -LEADER
campo de control de longitud fija 00525nam a22001455i 4500
001 - NÚMERO DE CONTROL
campo de control 158854
003 - IDENTIFICADOR DE NÚMERO DE CONTROL
campo de control ES-MaACL
005 - FECHA Y HORA DE LA ÚLTIMA TRANSACCIÓN
campo de control 20230906211340.0
008 - DATOS DE LONGITUD FIJA--INFORMACIÓN GENERAL
campo de control de longitud fija 990308s1862 sp |||| | spa d
100 1# - ENTRADA PRINCIPAL--NOMBRE DE PERSONA
Nombre de persona Martel, Ricardo.
9 (RLIN) 129550
245 10 - MENCIÓN DEL TÍTULO
Título Discurso pronunciado en la apertura del Liceo Artístico y Literario de Córdoba el dia 6 de abril de 1862 /
Mención de responsabilidad, etc. por el socio D. Ricardo Martel...
260 ## - PUBLICACIÓN, DISTRIBUCIÓN, ETC.
Lugar de publicación, distribución, etc. Córdoba :
Nombre del editor, distribuidor, etc. Fausto García Tena,
Fecha de publicación, distribución, etc. 1862.
300 ## - DESCRIPCIÓN FÍSICA
Extensión 21 p. ;
Dimensiones 23 cm.
852 4# - LOCALIZACIÓN
Ubicación ES-MaACL
Número de control de estantería T-67-F-13
Nota libre - Enc. hol.
Holdings
Estatus retirado Estado de pérdida Estado de daño No para préstamo Colección Biblioteca de origen Biblioteca actual Ubicación en estantería Fecha de adquisición Total de préstamos Signatura topográfica completa Código de barras Visto por última vez Precio de reemplazo Tipo de ítem Koha
        Colección de folletos Biblioteca del Ateneo de Madrid Biblioteca del Ateneo de Madrid Depósito folletos 17/01/2008   T-67-F-13 1166268 23/02/2023 23/02/2023 Folleto